Регионална библиотека "Любен Каравелов" - Русе

Лабиринт от лъжи (Запис номер 20100)

MARC детайли
000 -Лидер
Контролно поле с фиксирана дължина 01252nam a2200301 c 4500
003 - Код на организацията, давaща контролен номер
Контролно поле BLK
005 - Дата и час на последна редакция
Контролно поле 20180422095126.0
008 - Елементи от данни с фиксирана дължина
fixed length control field 180413b bul|||||r ||||||| ||bul||
010 ## - Наследен системен номер
LC control number KNG00022298000
040 ## - Източник на каталожния запис
Идентификатор на билиотеката - собственик на записа BLK
041 ## - Код за език
Код за езика на текст/звукозапис или на отделно заглавие Български
Код за езика КДБФ Български
080 ## - УДК
Текстов определител УДК Американска литература (на САЩ)
УДК код - определител по УДК 821.111(73)
УДК определител -31
УДК - код + определител 821.111(73)-31
100 1# - Редна дума - Автор
Автор Майкъл, Джудит
Авторска отговорност първи автор
Автор - информация (биография) Фейн, Майкъл
R(LIN) 248697
139 ## - Редно поле
Редна дума Майкъл, Джудит
Авторски знак Маи - М 16
245 10 - Сведения за заглавието
Заглавие Лабиринт от лъжи
Подзаглавни данни Роман
Редно поле (дума) Джудит Майкъл; прев. от англ. Правда Игнатова.
257 ## - Страна на издаване
Страна на създаване/издаване Съединени американски щати
260 ## - Област на издателските данни
-- София
Име на издателя, разпространителя и проч. Плеяда
Година на издаване 1998
Печатница Враца : Полипринт
300 ## - Физическа характеристика
Страници 398 с.
Размери/Мащаб 20 см
380 ## - Жанр
Жанр Худож. лит.
500 ## - Общи забележки
Забележка Ориг. загл. A Tangled Web. - Офс. изд. - Джудит Майкъл - псевд. на Джудит Барнард и Майкъл Фейн. - 3 000 тир.
653 ## - Ключова дума – ненормативна
Ключова дума романтична проза
700 1# - Други автори (авторска отговорност)
Лично име Игнатова, Правда
Автороска отговорност (Описва отношението между автора и произведението) прев. от англ.
9 (RLIN) 364526
852 ## - Местоположение
Форматна сигнатура Цб 195921
856 4# - Електронен адрес и достъп
Електронен формат pdf - файл
Път до файла /url/
856 4# - Електронен адрес и достъп
Електронен формат pdf - файл
Път до файла /url/
942 ## - АРТИКУЛИ
Вид на библиотечния материал Книги
Скрит в OPAC Не
944 ## - СЪЗДАВАНЕ И РЕДАКЦИЯ на ЗАПИСА
Създаване/Редакция Създаване
Дата на регистрацията/редакция 15.01.2003
Служител, извършил регистрацията/редакцията Людмила_Стоянова
944 ## - СЪЗДАВАНЕ И РЕДАКЦИЯ на ЗАПИСА
Създаване/Редакция Редакция
Дата на регистрацията/редакция 22.10.2010
Служител, извършил регистрацията/редакцията
999 ## - СИСТЕМНИ КОНТРОЛНИ НОМЕРА
Koha biblionumber 20100
Koha biblioitemnumber 20100
Наличности
Код за отписване Код за изгубен артикул Източник на класификационната схема Код за повреда Коз за рестрикции Код за отдаване Артикулен № Име на библиотеката - собственик Име на библиотеката, в която се намира в момента Статус (Текущо местоположение) Дата на вписване в системата Местоположение - отдел Цена в лева Инвентарен номер Систематично азбучна сигнатура Баркод Номер на екземпляра Цена в евро Служебна бележка Служебен тип на артикула
  Не е изгубен Universal Decimal Classification Не е повреден без рестрикции ползва се в читалня 33417 Регионална библиотека "Любен Каравелов" Русе Регионална библиотека "Любен Каравелов" Русе Хранилище 2001-01-01 Хранилище 4.00 640637 Цб 195921 120000640637 1 2.05 Дост: Dp Вид: Д N: стар фонд Дата: 01.01.1998 Книги
Изтеглен Не е изгубен Universal Decimal Classification Не е повреден без рестрикции заемане за дома 33418 Регионална библиотека "Любен Каравелов" Русе Регионална библиотека "Любен Каравелов" Русе Заемна - подръчен фонд 2001-01-01 Заемна - подръчен фонд 4.00 638846 П 820(73)-31/М 16 638846 2 2.05 Дост: Pk Вид: Ф N: стар фонд Дата: 01.01.1998 Книги
Vip Innovations Ltd, Rousse, Bulgaria 2025